[Event "Liga Madrid 2009-2010 Division de Honor"]
[Site "Madrid ESP"]
[Date "2010.01.31"]
[Round "8.13"]
[White "Anton Guijarro, David"]
[Black "San Juan Rodriguez, Miguel"]
[Result "1-0"]
[WhiteElo "2300"]
[BlackElo "2073"]
[PlyCount "67"]
[EventDate "2009.11.22"]
[EventType "team"]
[EventRounds "14"]
[EventCountry "ESP"]
[Source "lmi"]
[SourceDate "2009.11.22"]

1. d4 d5 2. c4 Nc6 3. Nc3 dxc4 4. Nf3 a6 5. d5 Na7 6. a4 e6 7. e4 exd5 8. exd5
Nf6 9. Bxc4 Qe7+ 10. Be2 Qb4 11. O-O Bd6 12. a5 Bd7 13. Bg5 O-O-O 14. Qc2 Kb8
15. Rfd1 Nb5 16. Bxb5 Bxb5 17. Rd4 Qc5 18. b4 Qa7 19. Be3 Rhe8 20. Re4 Qa8 21.
Rxe8 Rxe8 22. Qb3 Ne4 23. Nd4 Nxc3 24. Qxc3 Be5 25. Rc1 Re7 26. Qc5 Bd6 27. Qc3
Be5 28. Qc2 g6 29. Nf3 Bd6 30. Qc3 Kc8 31. Qh8+ Re8 32. Qxh7 Bxb4 33. Bb6 c5
34. Qxf7 1-0

[Event "Liga Madrid 2009-2010 Division de Honor"]
[Site "Madrid ESP"]
[Date "2010.01.31"]
[Round "8.14"]
[White "Tipter, Napoleon"]
[Black "Perez De Aranda Alonso, Leonardo"]
[Result "0-1"]
[WhiteElo "2048"]
[BlackElo "2216"]
[PlyCount "88"]
[EventDate "2009.11.22"]
[EventType "team"]
[EventRounds "14"]
[EventCountry "ESP"]
[Source "lmi"]
[SourceDate "2009.11.22"]

1. e4 c5 2. Nf3 d6 3. d4 cxd4 4. Nxd4 Nf6 5. Nc3 a6 6. Be3 e5 7. Nb3 Be6 8. f3
h5 9. Qd2 Nbd7 10. O-O-O Rc8 11. Kb1 Be7 12. Bg5 b5 13. h4 Qc7 14. Bxb5 axb5
15. Nxb5 Qc4 16. Qd3 Qxd3 17. Rxd3 d5 18. exd5 Nxd5 19. Rhd1 Nb4 20. R3d2 Bf5
21. Nc3 Nb6 22. a3 Nxc2 23. Rxc2 f6 24. Bd2 Bxc2+ 25. Kxc2 Rc4 26. Be1 Kf7 27.
Nd2 Rc6 28. Kb3 Rd8 29. Bf2 Nd5 30. Nde4 Nf4 31. g3 Nd3 32. Be3 Rb8+ 33. Kc2
Nxb2 34. Rb1 Bxa3 35. Bc1 Rcb6 36. Nd5 R6b7 37. Ra1 Bf8 38. Ra6 Rc8+ 39. Kd2
Rd8 40. Nec3 Bb4 41. Kc2 Bxc3 42. Nxc3 Nd3 43. Ba3 Ne1+ 44. Kc1 Rc7 0-1

[Event "Liga Madrid 2009-2010 Division de Honor"]
[Site "Madrid ESP"]
[Date "2010.01.31"]
[Round "8.15"]
[White "Rodriguez De Castro, Ayar"]
[Black "Gonzalo Gonzalez, Francisco"]
[Result "0-1"]
[WhiteElo "2113"]
[BlackElo "1781"]
[PlyCount "70"]
[EventDate "2009.11.22"]
[EventType "team"]
[EventRounds "14"]
[EventCountry "ESP"]
[Source "lmi"]
[SourceDate "2009.11.22"]

1. d4 e5 2. dxe5 Nc6 3. Nh3 Nxe5 4. Nf4 Nf6 5. e3 g6 6. Be2 Bg7 7. O-O O-O 8.
Nc3 b6 9. Nfd5 Bb7 10. f4 Nxd5 11. Nxd5 Nc6 12. e4 Ne7 13. Bf3 Nxd5 14. exd5
Re8 15. Qd3 Qf6 16. c3 a5 17. Rd1 Ba6 18. c4 d6 19. Rb1 Bc8 20. Ra1 Bf5 21. Qf1
Be4 22. a4 Bxf3 23. Qxf3 Re7 24. h3 Rae8 25. Rb1 Re2 26. Kh2 Qf5 27. Qd3 Qf6
28. Bd2 Qh4 29. Rf1 R8e4 30. b4 Qe7 31. Bc1 Rd4 32. Qb3 Qe4 33. Rg1 axb4 34.
Qxb4 Rxc4 35. Qb5 Rcc2 0-1

[Event "Liga Madrid 2009-2010 Division de Honor"]
[Site "Madrid ESP"]
[Date "2010.01.31"]
[Round "8.31"]
[White "Moreno Ruiz, Javier"]
[Black "Arribas Lopez, Angel"]
[Result "0-1"]
[WhiteElo "2459"]
[BlackElo "2481"]
[PlyCount "76"]
[EventDate "2009.11.22"]
[EventType "team"]
[EventRounds "14"]
[EventCountry "ESP"]
[Source "lmi"]
[SourceDate "2009.11.22"]

1. c4 Nf6 2. g3 e5 3. Bg2 d5 4. cxd5 Nxd5 5. Nf3 Nc6 6. O-O Nde7 7. Nc3 g6 8.
b4 Bg7 9. Rb1 O-O 10. d3 Nd4 11. Nd2 Rb8 12. b5 b6 13. Ba3 Bb7 14. Bxb7 Rxb7
15. e3 Ne6 16. Nc4 Re8 17. Qf3 Rb8 18. Bxe7 Rxe7 19. Nd5 Rd7 20. Nb4 Ng5 21.
Qg2 Qf6 22. f4 exf4 23. gxf4 Ne6 24. Ne5 Rd6 25. Nd5 Qh4 26. d4 Re8 27. Nb4 f6
28. Nc4 Rd7 29. Nc6 Qh5 30. a4 Bf8 31. Nxa7 Nxd4 32. Kh1 Nf5 33. Rbc1 Bb4 34.
Rb1 Nxe3 35. Nxe3 Rxe3 36. Nc6 Re2 37. Rf2 Rxf2 38. Qxf2 Rd2 0-1

[Event "Liga Madrid 2009-2010 Division de Honor"]
[Site "Madrid ESP"]
[Date "2010.01.31"]
[Round "8.32"]
[White "Gallardo Garcia, Andres"]
[Black "De La Fuente Gonzalez, Francisco"]
[Result "1-0"]
[WhiteElo "2418"]
[BlackElo "2237"]
[PlyCount "121"]
[EventDate "2009.11.22"]
[EventType "team"]
[EventRounds "14"]
[EventCountry "ESP"]
[Source "lmi"]
[SourceDate "2009.11.22"]

1. e4 c5 2. Nf3 d6 3. d4 cxd4 4. Nxd4 Nf6 5. Nc3 a6 6. Bc4 e6 7. Bb3 Be7 8. g4
d5 9. exd5 Nxd5 10. Nxd5 exd5 11. Nf5 Bxf5 12. gxf5 O-O 13. Qxd5 Nc6 14. Be3
Bf6 15. O-O-O Qxd5 16. Rxd5 b5 17. Bc5 Rfe8 18. Rhd1 Na5 19. Be3 Nxb3+ 20. axb3
h6 21. Rd7 Re5 22. R7d5 Rc8 23. Rxe5 Bxe5 24. h3 Rc6 25. Rd8+ Kh7 26. Rd5 Bf6
27. c3 Kg8 28. Kc2 Kf8 29. Bc5+ Ke8 30. Kd3 Be7 31. Bd4 Bf6 32. c4 Bxd4 33.
Kxd4 Ke7 34. f4 g5 35. c5 a5 36. Re5+ Kd7 37. Kd5 Rf6 38. Ke4 Rc6 39. Kf3 f6
40. Rd5+ Ke7 41. Kg4 Rc7 42. fxg5 hxg5 43. c6 Rxc6 44. Rxb5 Rc2 45. Rxa5 Rxb2
46. Rb5 Rg2+ 47. Kh5 Rh2 48. Kg6 Rxh3 49. Rb7+ Kd6 50. Kxf6 g4 51. b4 Rf3 52.
b5 g3 53. Rg7 Kc5 54. Rg5 Kxb5 55. Ke6 Kc6 56. f6 Re3+ 57. Kf7 Kd6 58. Kg7 Rf3
59. f7 Ke7 60. Re5+ Kd6 61. Re2 1-0

[Event "Liga Madrid 2009-2010 Division de Honor"]
[Site "Madrid ESP"]
[Date "2010.01.31"]
[Round "8.33"]
[White "Sanchez-Alarcos Galian, Victor"]
[Black "Candela Perez, Jose"]
[Result "1/2-1/2"]
[WhiteElo "2149"]
[BlackElo "2416"]
[PlyCount "89"]
[EventDate "2009.11.22"]
[EventType "team"]
[EventRounds "14"]
[EventCountry "ESP"]
[Source "lmi"]
[SourceDate "2009.11.22"]

1. d4 Nf6 2. Nf3 g6 3. g3 Bg7 4. Bg2 O-O 5. O-O d6 6. c4 c6 7. Nc3 Qa5 8. h3 e5
9. e4 Nbd7 10. Re1 exd4 11. Nxd4 Ne5 12. Bf1 Be6 13. f4 Nxc4 14. Nxe6 fxe6 15.
Bxc4 Qc5+ 16. Be3 Qxc4 17. Qxd6 Rfd8 18. Qc5 Qxc5 19. Bxc5 Nh5 20. Ne2 Bxb2 21.
Rab1 Rd2 22. g4 Nf6 23. Ng3 e5 24. f5 b6 25. Be3 Bd4 26. Bxd4 Rxd4 27. g5 Ne8
28. h4 Ng7 29. Kf2 gxf5 30. exf5 Rf4+ 31. Kg2 Nxf5 32. Nxf5 Rxf5 33. Rbd1 h6
34. Kg3 hxg5 35. Kg4 Raf8 36. hxg5 Rf4+ 37. Kh5 Rd4 38. Rc1 Kg7 39. Rxc6 Rh8+
40. Rh6 e4 41. Rxh8 Kxh8 42. Kg6 Kg8 43. Kf5 Rd5+ 44. Kf6 Rd6+ 45. Ke5 1/2-1/2

[Event "Liga Madrid 2009-2010 Division de Honor"]
[Site "Madrid ESP"]
[Date "2010.01.31"]
[Round "8.34"]
[White "Prieto Martin, Alfonso"]
[Black "Alcaraz Amoros, Antonio"]
[Result "0-1"]
[WhiteElo "2212"]
[BlackElo "2010"]
[PlyCount "110"]
[EventDate "2009.11.22"]
[EventType "team"]
[EventRounds "14"]
[EventCountry "ESP"]
[Source "lmi"]
[SourceDate "2009.11.22"]

1. e4 c6 2. d4 d5 3. Nc3 dxe4 4. Nxe4 Bf5 5. Ng3 Bg6 6. h4 h6 7. Nh3 Nf6 8. Bc4
Nd5 9. O-O e6 10. h5 Bh7 11. Bb3 Bd6 12. Qf3 O-O 13. Ne4 Be7 14. Rd1 Nd7 15. c4
N5f6 16. Nxf6+ Nxf6 17. Nf4 Bf5 18. Qe3 Bd6 19. Qe2 Qc7 20. Nd3 Bg4 21. f3 Bxh5
22. c5 Bh2+ 23. Kh1 Bg6 24. Be3 Nh5 25. Bf2 Bg3 26. Ne5 Bf5 27. Qe1 Bxf2 28.
Qxf2 Nf6 29. g3 Nd7 30. Nc4 e5 31. Nd6 Bg6 32. Kg2 exd4 33. Qxd4 Rad8 34. Bc4
Nf6 35. b4 Rd7 36. Re1 Rfd8 37. Qe5 b6 38. Rad1 bxc5 39. Nxf7 Rd2+ 40. Kf1 Bxf7
41. Qxc7 Bxc4+ 42. Kg1 Rxd1 43. Rxd1 Rxd1+ 44. Kg2 Rd2+ 45. Kg1 cxb4 46. Qxc6
Bxa2 47. Qc8+ Kh7 48. Qf5+ Kh8 49. Qc8+ Bg8 50. Qc1 Rd7 51. Qc5 b3 52. Qb4 Rc7
53. Kg2 Rc2+ 54. Kh3 b2 55. g4 Ba2 0-1

[Event "Liga Madrid 2009-2010 Division de Honor"]
[Site "Madrid ESP"]
[Date "2010.01.31"]
[Round "8.35"]
[White "Arauz Alonso, Fernando"]
[Black "Cesar Benavides, Juan Antonio"]
[Result "0-1"]
[WhiteElo "2140"]
[BlackElo "2175"]
[PlyCount "128"]
[EventDate "2009.11.22"]
[EventType "team"]
[EventRounds "14"]
[EventCountry "ESP"]
[Source "lmi"]
[SourceDate "2009.11.22"]

1. d4 c5 2. d5 Nf6 3. Nc3 d6 4. e4 g6 5. f4 Bg7 6. Nf3 O-O 7. Bd3 Qb6 8. Nd2
Bd7 9. Nc4 Qc7 10. a4 Na6 11. O-O Nb4 12. Bd2 a6 13. a5 Rad8 14. Nb6 e6 15. Bc4
Rfe8 16. Nxd7 Qxd7 17. Re1 exd5 18. Bxd5 Nfxd5 19. Nxd5 Nxd5 20. exd5 Qf5 21.
Bc3 Qxf4 22. Qd3 Be5 23. g3 Qg5 24. Kg2 Bxc3 25. bxc3 Re5 26. Rxe5 Qxe5 27. Rb1
Rd7 28. Qf3 Kg7 29. h4 h5 30. Rf1 Re7 31. Rf2 Qe4 32. Kf1 Qxf3 33. Rxf3 Re4 34.
c4 Rxc4 35. Rb3 Rb4 36. Re3 Kf6 37. Rf3+ Ke7 38. Re3+ Kf8 39. Ke2 Rb5 40. Ra3
c4 41. Ra4 Rxd5 42. Rxc4 Rxa5 43. Rc8+ Kg7 44. c4 Rc5 45. Rb8 b5 46. Rb6 bxc4
47. Rxd6 c3 48. Kd1 c2+ 49. Kc1 a5 50. Rd3 Kf6 51. Rf3+ Ke6 52. Re3+ Kd6 53.
Rf3 f5 54. Ra3 Kc6 55. Re3 Kd5 56. Rd3+ Ke5 57. Re3+ Kf6 58. Rb3 f4 59. gxf4
Rc4 60. Rf3 Kf5 61. Rg3 a4 62. Rg5+ Kf6 63. f5 Rg4 64. Kxc2 Rxg5 0-1

[Event "Liga Madrid 2009-2010 Division de Honor"]
[Site "Madrid ESP"]
[Date "2010.01.31"]
[Round "8.36"]
[White "Nunez Gutierrez, Juan Carlos"]
[Black "Sanchez Naranjo, Jose Manuel"]
[Result "1-0"]
[WhiteElo "2101"]
[BlackElo "2090"]
[PlyCount "27"]
[EventDate "2009.11.22"]
[EventType "team"]
[EventRounds "14"]
[EventCountry "ESP"]
[Source "lmi"]
[SourceDate "2009.11.22"]

1. e4 c5 2. Nf3 Nc6 3. Nc3 g6 4. d4 cxd4 5. Nxd4 Bg7 6. Be3 Nf6 7. Bc4 O-O 8.
f3 Qb6 9. O-O Nxe4 10. Nd5 Qc5 11. Nxc6 Qxc4 12. Ncxe7+ Kh8 13. fxe4 Qxe4 14.
Rf4 1-0

[Event "Liga Madrid 2009-2010 Division de Honor"]
[Site "Madrid ESP"]
[Date "2010.01.31"]
[Round "8.41"]
[White "Serrano Salvador, Eduardo"]
[Black "Gallego Jimenez, Victoriano"]
[Result "1-0"]
[WhiteElo "2319"]
[BlackElo "2421"]
[PlyCount "155"]
[EventDate "2009.11.22"]
[EventType "team"]
[EventRounds "14"]
[EventCountry "ESP"]
[Source "lmi"]
[SourceDate "2009.11.22"]

1. d4 d5 2. Bg5 h6 3. Bh4 c6 4. e3 Qb6 5. b3 e5 6. Nf3 e4 7. Nfd2 Ne7 8. c4 Nf5
9. Bg3 Nxg3 10. hxg3 Be6 11. c5 Qc7 12. b4 Nd7 13. Nc3 Be7 14. a4 O-O 15. Be2
f5 16. b5 Nf6 17. Qb3 b6 18. bxc6 bxc5 19. Qb7 Qxb7 20. cxb7 Rab8 21. Ba6 cxd4
22. exd4 Bd7 23. Rb1 Bc6 24. O-O Ne8 25. Rfc1 Nd6 26. Ncxe4 Bxb7 27. Nxd6 Bxa6
28. Nxf5 Bb4 29. Rxb4 Rxb4 30. Ne7+ Kh7 31. Nf3 Rxa4 32. Rc7 Be2 33. Ne5 Ra1+
34. Kh2 Rxf2 35. N7g6 Bf1 36. Kh3 Bxg2+ 37. Kg4 Rd1 38. Nf4 Rxf4+ 39. gxf4 Rxd4
40. Nd7 g5 41. Nf8+ Kg8 42. Ng6 Be4 43. Ne7+ Kf8 44. f5 Bd3+ 45. Kh5 Re4 46.
Ng6+ Ke8 47. f6 Rf4 48. Nxf4 gxf4 49. Kg4 Bg6 50. Kxf4 d4 51. Ke5 Bf7 52. Kxd4
Bb3 53. Rxa7 Kf8 54. Rh7 h5 55. Rxh5 Ba2 56. Ke5 Bb3 57. Rh8+ Kf7 58. Rh7+ Kf8
59. Rc7 Ba2 60. Kf5 Bb1+ 61. Kg5 Ba2 62. Rc8+ Kf7 63. Rc1 Bd5 64. Kf5 Kf8 65.
Ke5 Bb3 66. Kf5 Bd5 67. Rc7 Ba2 68. Kg6 Bb1+ 69. Kh6 Ba2 70. Ra7 Bc4 71. Kg5
Bb3 72. Ra3 Bd5 73. Rd3 Be4 74. Rd8+ Kf7 75. Rd7+ Kf8 76. f7 Kg7 77. Rd4 Bb1
78. Rf4 1-0

[Event "Liga Madrid 2009-2010 Division de Honor"]
[Site "Madrid ESP"]
[Date "2010.01.31"]
[Round "8.42"]
[White "Rojo Huerta, Gabriel"]
[Black "Hernandez Gallardo, Francisco Javier"]
[Result "1-0"]
[WhiteElo "2374"]
[BlackElo "2360"]
[PlyCount "69"]
[EventDate "2009.11.22"]
[EventType "team"]
[EventRounds "14"]
[EventCountry "ESP"]
[Source "lmi"]
[SourceDate "2009.11.22"]

1. d4 e6 2. Nf3 Nf6 3. c4 Bb4+ 4. Bd2 Qe7 5. g3 Nc6 6. Bg2 Bxd2+ 7. Nbxd2 d6 8.
Nf1 O-O 9. Ne3 e5 10. Nd5 Qd8 11. O-O Bg4 12. dxe5 dxe5 13. h3 Bxf3 14. Bxf3
Nd4 15. Bg2 c6 16. e3 Ne6 17. Nxf6+ Qxf6 18. Qb3 Qe7 19. Qc3 f6 20. b4 Rfd8 21.
Rfd1 Rxd1+ 22. Rxd1 Rd8 23. Rd2 Rxd2 24. Qxd2 Qd8 25. Qc2 Nf8 26. b5 cxb5 27.
cxb5 Qd7 28. Qb3+ Ne6 29. Bxb7 Kf8 30. Qa3+ Qe7 31. Qxa7 Nd8 32. Qb8 Ke8 33.
Bd5 Kf8 34. b6 Qd7 35. e4 1-0

[Event "Liga Madrid 2009-2010 Division de Honor"]
[Site "Madrid ESP"]
[Date "2010.01.31"]
[Round "8.43"]
[White "Solaesa Navalpotro, Luis Julio"]
[Black "Navarro Nicolas, Victor Manuel"]
[Result "0-1"]
[WhiteElo "2224"]
[BlackElo "2228"]
[PlyCount "52"]
[EventDate "2009.11.22"]
[EventType "team"]
[EventRounds "14"]
[EventCountry "ESP"]
[Source "lmi"]
[SourceDate "2009.11.22"]

1. d4 Nf6 2. Bg5 c5 3. Nc3 cxd4 4. Qxd4 Nc6 5. Qh4 e6 6. e4 Be7 7. O-O-O Qa5 8.
f4 d6 9. Nf3 O-O 10. Qe1 Rd8 11. e5 dxe5 12. Rxd8+ Bxd8 13. fxe5 Nd5 14. Bd2
Nxc3 15. Bxc3 Qxa2 16. Qe4 Qd5 17. Qf4 Ne7 18. Ng5 Nf5 19. Ne4 Bb6 20. Qg4 Qa2
21. Nf6+ Kh8 22. Qb4 Be3+ 23. Kd1 Qb1+ 24. Ke2 Qxc2+ 25. Kf3 Qf2+ 26. Ke4 Qf4+
0-1

[Event "Liga Madrid 2009-2010 Division de Honor"]
[Site "Madrid ESP"]
[Date "2010.01.31"]
[Round "8.44"]
[White "Blanco Sanjuan, Jorge"]
[Black "Fraga Castro, Jose Carlos"]
[Result "0-1"]
[WhiteElo "2129"]
[BlackElo "2220"]
[PlyCount "98"]
[EventDate "2009.11.22"]
[EventType "team"]
[EventRounds "14"]
[EventCountry "ESP"]
[Source "lmi"]
[SourceDate "2009.11.22"]

1. Nf3 c5 2. c4 Nc6 3. g3 g6 4. Bg2 Bg7 5. O-O e5 6. Nc3 Nge7 7. d3 d6 8. a3
O-O 9. Rb1 a5 10. Ne1 Be6 11. Nc2 d5 12. cxd5 Nxd5 13. Ne4 b6 14. Ng5 Bc8 15.
Ne3 Nde7 16. Bd2 h6 17. Ne4 Be6 18. Nc2 f5 19. Nc3 Bb3 20. Qc1 Kh7 21. Na1 Be6
22. Nc2 Bb3 23. Na1 Be6 24. b3 Rc8 25. Rd1 Nd4 26. e3 Bd5 27. exd4 Bxg2 28.
Kxg2 cxd4 29. Qb2 dxc3 30. Bxc3 Qd5+ 31. Kg1 g5 32. Rbc1 Ng6 33. Nc2 f4 34. Ne1
h5 35. b4 a4 36. Qe2 g4 37. Bb2 Qb3 38. Rc4 f3 39. Qc2 Qxc2 40. Rxc2 Bh6 41. d4
Rxc2 42. Nxc2 Rc8 43. Ne1 e4 44. d5 e3 45. d6 Nf8 46. Bd4 e2 47. Rd3 Nd7 48.
Be3 Bg7 49. h3 Bc3 0-1

[Event "Liga Madrid 2009-2010 Division de Honor"]
[Site "Madrid ESP"]
[Date "2010.01.31"]
[Round "8.45"]
[White "Ramirez Garcia, Jorge Alberto"]
[Black "Barez Menendez, Hector"]
[Result "1/2-1/2"]
[WhiteElo "2175"]
[BlackElo "2144"]
[PlyCount "234"]
[EventDate "2009.11.22"]
[EventType "team"]
[EventRounds "14"]
[EventCountry "ESP"]
[Source "lmi"]
[SourceDate "2009.11.22"]

1. e4 e5 2. Nf3 Nf6 3. Nxe5 d6 4. Nf3 Nxe4 5. Nc3 Nxc3 6. dxc3 Be7 7. Be3 Nc6
8. Qd2 Bg4 9. Be2 Qd7 10. O-O-O a6 11. Kb1 O-O-O 12. h3 Be6 13. Nd4 Nxd4 14.
Qxd4 Bf6 15. Qa7 Qa4 16. b3 Qa5 17. Bd4 Bxd4 18. cxd4 c6 19. Bf3 d5 20. Rhe1
Kc7 21. Kb2 Ra8 22. Qc5 Qxc5 23. dxc5 Rhe8 24. Rd2 f6 25. h4 Bf7 26. Rde2 Rxe2
27. Rxe2 Re8 28. Kc3 h6 29. Kd4 Rxe2 30. Bxe2 Bg6 31. c3 Bb1 32. a3 Bc2 33. b4
Bf5 34. f4 Be4 35. g3 Bf5 36. Bf3 Bc2 37. Bg4 Bb1 38. Be6 Bc2 39. g4 Bb1 40. g5
Bc2 41. gxh6 gxh6 42. Ke3 Bd1 43. Bf5 Bh5 44. Kd4 Bd1 45. c4 dxc4 46. Kxc4 Be2+
47. Kd4 Bd1 48. Bd3 Bg4 49. Ke4 Be6 50. Be2 Bd7 51. Bh5 Bc8 52. Bf7 Bg4 53. Bg6
Be6 54. Bf5 Bd5+ 55. Ke3 Bb3 56. Kf3 Bd1+ 57. Kg3 Bb3 58. Bg6 Bd1 59. Bd3 Bh5
60. Bc2 Be2 61. Be4 Bh5 62. Bf3 Bg6 63. Kg4 Kd7 64. Be2 Ke7 65. Bc4 Be8 66. Kf5
Bh5 67. Be6 Be2 68. Bc8 Bd3+ 69. Kg4 Be2+ 70. Kg3 Kd8 71. Bf5 Bd1 72. Bg4 Bb3
73. Bh5 Bc4 74. Bf3 Be6 75. Be4 Ke7 76. Bg6 Kd8 77. Kf3 Ke7 78. Ke4 Bd5+ 79.
Ke3 Be6 80. Bd3 Bd7 81. Kd4 Be6 82. a4 Bb3 83. b5 Bxa4 84. bxa6 bxa6 85. Bxa6
Bd1 86. Bd3 Bg4 87. Be4 Kd7 88. Bg6 Bf3 89. Bf5+ Kc7 90. Ke3 Bd1 91. Bg6 Kd7
92. Bf5+ Kc7 93. Kf2 Bh5 94. Kg3 Bd1 95. Be6 Kb7 96. Bg4 Bc2 97. Be2 Bf5 98.
Kf3 Kc7 99. Ke3 Kd7 100. Bc4 Kc7 101. Bd3 Be6 102. Ke4 Kd7 103. Be2 Ke7 104.
Bh5 Bb3 105. Bg4 Bc2+ 106. Kd4 Bb1 107. Bf3 Kd7 108. Be4 Ba2 109. Ke3 Bb3 110.
Bg6 Ke6 111. Kd4 Bd1 112. Be8 Bf3 113. Ke3 Bg2 114. Kd4 Kf5 115. Ke3 Ke6 116.
Kd4 Kf5 117. Ke3 Ke6 1/2-1/2

[Event "Liga Madrid 2009-2010 Division de Honor"]
[Site "Madrid ESP"]
[Date "2010.01.31"]
[Round "8.46"]
[White "Gemy Vargas, Daniel"]
[Black "Alonso Nieto, Santiago"]
[Result "1-0"]
[WhiteElo "2169"]
[BlackElo "2120"]
[PlyCount "71"]
[EventDate "2009.11.22"]
[EventType "team"]
[EventRounds "14"]
[EventCountry "ESP"]
[Source "lmi"]
[SourceDate "2009.11.22"]

1. Nf3 Nf6 2. c4 g6 3. Nc3 d5 4. cxd5 Nxd5 5. e4 Nxc3 6. bxc3 Bg7 7. d4 c5 8.
Be3 O-O 9. Qd2 Qa5 10. Rb1 cxd4 11. cxd4 Qxd2+ 12. Kxd2 Rd8 13. Bd3 Nc6 14. d5
Na5 15. Bg5 f6 16. Bf4 e5 17. Be3 b6 18. Rhc1 Nb7 19. Ne1 f5 20. f3 fxe4 21.
fxe4 Nd6 22. Rc7 Ne8 23. Rc2 Bd7 24. Rbc1 Bf8 25. Bg5 Rdc8 26. Nf3 Rxc2+ 27.
Rxc2 Bd6 28. Ba6 Ba4 29. Rc1 Nc7 30. Bb7 Re8 31. Bc6 Bxc6 32. Rxc6 Nb5 33. Kd3
Bc5 34. Bf6 Bd4 35. a4 Nc3 36. d6 1-0

[Event "Liga Madrid 2009-2010 Division de Honor"]
[Site "Madrid ESP"]
[Date "2010.02.07"]
[Round "9.11"]
[White "Serrano Salvador, Eduardo"]
[Black "Almagro Llamas, Pablo"]
[Result "1/2-1/2"]
[WhiteElo "2319"]
[BlackElo "2453"]
[PlyCount "193"]
[EventDate "2009.11.22"]
[EventType "team"]
[EventRounds "14"]
[EventCountry "ESP"]
[Source "lmi"]
[SourceDate "2009.11.22"]

1. d4 d5 2. Bg5 c6 3. Nf3 Bf5 4. e3 Nd7 5. c4 Ngf6 6. cxd5 cxd5 7. Nc3 a6 8.
Qb3 Qb6 9. Bxf6 Qxb3 10. axb3 exf6 11. Nxd5 Rc8 12. Nc3 Bb4 13. Rc1 Nb6 14. Nd2
O-O 15. e4 Rfe8 16. f3 Bg6 17. Nc4 Nd5 18. Kf2 Nf4 19. g3 Ne6 20. Bh3 Rcd8 21.
Nd5 Rxd5 22. exd5 Nxd4 23. Ne3 Bd2 24. Rc8 Bxe3+ 25. Kg2 Rxc8 26. Bxc8 Bd3 27.
Bxb7 Kf8 28. d6 Ke8 29. Ra1 Be2 30. f4 Kd7 31. Bxa6 Bf3+ 32. Kf1 Nxb3 33. Ra3
Bd5 34. Bb5+ Kxd6 35. Ba4 Nc5 36. Rxe3 Nxa4 37. b3 Nc5 38. Re8 Nxb3 39. Rg8 g6
40. Rg7 h5 41. f5 g5 42. Rh7 Bf3 43. Rxf7 Ke5 44. Kf2 Bd5 45. Rh7 Kxf5 46. Rxh5
Nc5 47. Rh8 Nd3+ 48. Ke3 Ne5 49. h3 Be6 50. g4+ Kg6 51. Kf2 Kg7 52. Ra8 Ng6 53.
Kg3 Ne5 54. Ra6 Kf7 55. Ra7+ Ke8 56. Ra5 Ke7 57. Ra7+ Bd7 58. Ra6 Bc6 59. Ra7+
Kd6 60. Rh7 Bd7 61. Rh8 Ng6 62. Ra8 Nf4 63. Ra5 Ne2+ 64. Kf2 Nc3 65. Kg3 Bc6
66. h4 Ne4+ 67. Kh3 Nf2+ 68. Kg3 Ne4+ 69. Kh3 Bd7 70. Ra2 Ke5 71. h5 Kf4 72. h6
Bxg4+ 73. Kh2 Bf5 74. Ra7 g4 75. h7 Bxh7 76. Rxh7 Kf3 77. Ra7 g3+ 78. Kg1 f5
79. Ra3+ Kg4 80. Kg2 f4 81. Rb3 Nd2 82. Rb4 Nf3 83. Ra4 Ne1+ 84. Kg1 Nc2 85.
Ra8 Ne3 86. Rg8+ Kf3 87. Ra8 Nc2 88. Ra2 Nd4 89. Ra3+ Kg4 90. Ra4 Ne6 91. Kg2
Nc5 92. Rc4 Nd3 93. Ra4 Kf5 94. Ra3 Ne1+ 95. Kh3 Ke4 96. Rxg3 fxg3 97. Kxg3
1/2-1/2

[Event "Liga Madrid 2009-2010 Division de Honor"]
[Site "Madrid ESP"]
[Date "2010.02.07"]
[Round "9.12"]
[White "Rabadan Velasco, Raul"]
[Black "Hernandez Gallardo, Francisco Javier"]
[Result "1-0"]
[WhiteElo "2334"]
[BlackElo "2360"]
[PlyCount "87"]
[EventDate "2009.11.22"]
[EventType "team"]
[EventRounds "14"]
[EventCountry "ESP"]
[Source "lmi"]
[SourceDate "2009.11.22"]

1. e4 e6 2. d4 d5 3. Nd2 Nc6 4. c3 e5 5. exd5 Qxd5 6. Ngf3 exd4 7. Bc4 Qf5 8.
O-O Be6 9. Bxe6 fxe6 10. Nxd4 Nxd4 11. cxd4 O-O-O 12. Qa4 Kb8 13. Nc4 Nf6 14.
Be3 Nd5 15. b4 Bd6 16. b5 Rhf8 17. Qb3 Rf6 18. Rad1 Rg6 19. g3 h5 20. Qd3 Rf6
21. Ne5 Nb6 22. Qb3 h4 23. g4 Qh7 24. Bg5 Re8 25. f4 h3 26. Rfe1 Rff8 27. a4
Be7 28. Bxe7 Rxe7 29. f5 Kc8 30. Ng6 Ree8 31. Nxf8 Rxf8 32. Qxe6+ Kb8 33. a5
Nc8 34. Qg6 Qh4 35. Qh5 Qxh5 36. gxh5 Rxf5 37. Re8 Rg5+ 38. Kh1 Rxb5 39. d5 Rb4
40. Kg1 Rg4+ 41. Kf1 a6 42. d6 Rf4+ 43. Ke2 cxd6 44. Rc1 1-0

[Event "Liga Madrid 2009-2010 Division de Honor"]
[Site "Madrid ESP"]
[Date "2010.02.07"]
[Round "9.13"]
[White "Solaesa Navalpotro, Luis Julio"]
[Black "Anton Guijarro, David"]
[Result "1-0"]
[WhiteElo "2224"]
[BlackElo "2300"]
[PlyCount "97"]
[EventDate "2009.11.22"]
[EventType "team"]
[EventRounds "14"]
[EventCountry "ESP"]
[Source "lmi"]
[SourceDate "2009.11.22"]

1. d4 Nf6 2. c4 e6 3. Nf3 d5 4. g3 Bb4+ 5. Bd2 Be7 6. Bf4 O-O 7. Bg2 Nbd7 8.
Qc2 c6 9. O-O b6 10. Nc3 Bb7 11. b3 Nh5 12. Bd2 f5 13. e3 Rc8 14. Ne2 c5 15.
dxc5 dxc4 16. Ned4 Be4 17. Qxc4 Bd5 18. Qe2 Nxc5 19. Rfd1 Nf6 20. Rac1 Nce4 21.
Nb5 Nxd2 22. Nxd2 Bxg2 23. Kxg2 Rxc1 24. Rxc1 Bc5 25. Rd1 Qa8+ 26. Kg1 Rd8 27.
Nf3 a6 28. Rxd8+ Qxd8 29. Nbd4 Qd5 30. Qxa6 e5 31. Qc8+ Bf8 32. Ne6 Nd7 33.
Nxf8 Nxf8 34. Qxf5 Nd7 35. Ng5 g6 36. Qf3 Qxf3 37. Nxf3 Kf7 38. e4 Kf6 39. Kf1
Nc5 40. Nd2 Nd3 41. a3 Ke6 42. Ke2 Nc1+ 43. Ke3 Kd6 44. f4 Ke6 45. fxe5 Kxe5
46. Nc4+ Ke6 47. Nxb6 Nxb3 48. Nc4 Nc5 49. Nd2 1-0

[Event "Liga Madrid 2009-2010 Division de Honor"]
[Site "Madrid ESP"]
[Date "2010.02.07"]
[Round "9.14"]
[White "Fraga Castro, Jose Carlos"]
[Black "Perez De Aranda Alonso, Leonardo"]
[Result "1/2-1/2"]
[WhiteElo "2220"]
[BlackElo "2216"]
[PlyCount "60"]
[EventDate "2009.11.22"]
[EventType "team"]
[EventRounds "14"]
[EventCountry "ESP"]
[Source "lmi"]
[SourceDate "2009.11.22"]

1. e4 e5 2. Nf3 Nf6 3. Nc3 Bb4 4. Bc4 O-O 5. O-O Nxe4 6. Nxe5 Nf6 7. d4 d5 8.
Bd3 Nc6 9. Nxc6 bxc6 10. Bg5 Rb8 11. Ne2 Bd6 12. Ng3 Rxb2 13. Re1 Bxg3 14. hxg3
Qd6 15. a4 Rb8 16. Bc1 Bg4 17. Qd2 Rfe8 18. Ba3 Qd7 19. Bc5 Ra8 20. Rxe8+ Nxe8
21. Re1 Nd6 22. Qg5 Be6 23. f4 Qd8 24. Qxd8+ Rxd8 25. Bxa7 Ra8 26. Bc5 Ne4 27.
Ra1 Bc8 28. Bxe4 dxe4 29. a5 h5 30. Kf2 Ba6 1/2-1/2

[Event "Liga Madrid 2009-2010 Division de Honor"]
[Site "Madrid ESP"]
[Date "2010.02.07"]
[Round "9.15"]
[White "Ramirez Garcia, Jorge Alberto"]
[Black "Rodriguez De Castro, Ayar"]
[Result "1-0"]
[WhiteElo "2175"]
[BlackElo "2113"]
[PlyCount "61"]
[EventDate "2009.11.22"]
[EventType "team"]
[EventRounds "14"]
[EventCountry "ESP"]
[Source "lmi"]
[SourceDate "2009.11.22"]

1. e4 d6 2. d4 Nf6 3. Nc3 e5 4. Nge2 Nbd7 5. g3 g6 6. Bg2 Bg7 7. O-O O-O 8. h3
c6 9. a4 a5 10. Be3 Qc7 11. g4 Rb8 12. Ng3 Nb6 13. b3 d5 14. dxe5 Nxe4 15.
Ncxe4 dxe4 16. Bc5 Bxe5 17. Bxf8 Kxf8 18. Nxe4 Be6 19. Rb1 Nd5 20. Ng5 Nf4 21.
Nxe6+ Nxe6 22. Re1 Kg7 23. Qe2 Bh2+ 24. Kh1 Rh8 25. Qd3 h5 26. Qc3+ Kg8 27. Qf6
hxg4 28. Rxe6 fxe6 29. Qxg6+ Kf8 30. Qf6+ Kg8 31. Rd1 1-0